[Event "Dublin Easter Masters"]
[Site "Green Isle Hotel, Dublin, Irel"]
[Date "2012.04.05"]
[Round "1"]
[White "Csonka, Attila Istvan"]
[Black "Armstrong, Malcolm J"]
[Result "1-0"]
[WhiteElo "2384"]
[BlackElo "2026"]
[PlyCount "111"]

1. e4 c6 2. d4 d5 3. e5 c5 4. dxc5 Nc6 5. Bb5 e6 6. Be3 Nge7 7. Nf3 Bd7 8. Bxc6
Nxc6 9. c3 Qc7 10. Bd4 Nxd4 11. cxd4 b6 12. cxb6 Qxb6 13. Qb3 Qa6 14. Nc3 Be7
15. Qc2 Rb8 16. h4 h6 17. g4 g6 18. Rh3 h5 19. Rg3 hxg4 20. Rxg4 Bb5 21. Nxb5
Qxb5 22. Rc1 Qa5+ 23. Kf1 Qxa2 24. Qc6+ Kf8 25. Rf4 Qxb2 26. Kg2 Kg7 27. Rc2
Qb7 28. Qc7 Rh5 29. Ng5 Qxc7 30. Rxc7 Bxg5 31. Rfxf7+ Kh8 32. hxg5 Rxg5+ 33.
Kh3 Rf5 34. Rh7+ Kg8 35. Rcg7+ Kf8 36. Rxa7 Rh5+ 37. Rxh5 gxh5 38. Kh4 Rb4 39.
Kxh5 Rxd4 40. Kg5 Re4 41. Kf6 Rf4+ 42. Kxe6 Rxf2 43. Ra8+ Kg7 44. Ke7 d4 45.
Rd8 Rf7+ 46. Ke6 Rf4 47. Rd5 Kf8 48. Kd6 Ke8 49. Ra5 Re4 50. e6 Kf8 51. Kd7 d3
52. Rf5+ Kg7 53. Rd5 Re3 54. e7 Kf7 55. Rf5+ Kg6 56. Rf2 1-0

[Event "Dublin Easter Masters"]
[Site "Green Isle Hotel, Dublin, Irel"]
[Date "2012.04.05"]
[Round "1"]
[White "McMahon, Daire"]
[Black "Masters, David J"]
[Result "1-0"]
[WhiteElo "2212"]
[BlackElo "2038"]
[PlyCount "113"]

1. d4 Nf6 2. c4 e6 3. Nc3 d5 4. Nf3 Nbd7 5. Bf4 c6 6. e3 Be7 7. Qc2 Nh5 8. Be5
Nxe5 9. dxe5 g6 10. Bd3 Bd7 11. O-O O-O 12. Rad1 Rc8 13. Rd2 Qc7 14. Rc1 Rfd8
15. cxd5 cxd5 16. Nxd5 Qc5 17. Nxe7+ Qxe7 18. Qd1 Rxc1 19. Qxc1 Bc6 20. Be2
Rxd2 21. Qxd2 Ng7 22. a3 Ne8 23. Nd4 Qd7 24. Qc3 Nc7 25. Nxc6 bxc6 26. Qd4 Nd5
27. f4 Qc7 28. Qc5 Qb6 29. Qxb6 axb6 30. Kf2 c5 31. Bf3 Nc7 32. Ke2 Kf8 33. Bc6
Ke7 34. Kd3 h6 35. Ke4 Na6 36. Kd3 Nc7 37. Kc4 g5 38. a4 f6 39. exf6+ Kxf6 40.
a5 bxa5 41. Kxc5 gxf4 42. exf4 Kf5 43. g3 h5 44. Kd6 Na6 45. Bd7 Kf6 46. Bxe6
Nb4 47. Bc4 Nc2 48. Kc5 Ne3 49. Be2 h4 50. g4 Ng2 51. f5 Nf4 52. Bc4 Kg5 53.
Kb5 Kxg4 54. f6 Kh3 55. f7 Ng6 56. Kxa5 Kxh2 57. b4 1-0

[Event "Dublin Easter Masters"]
[Site "Green Isle Hotel, Dublin, Irel"]
[Date "2012.04.05"]
[Round "1"]
[White "Buckley, Colm"]
[Black "Walton, Alan J"]
[Result "0-1"]
[WhiteElo "1731"]
[BlackElo "2159"]
[PlyCount "70"]

1. d4 d5 2. c4 c6 3. Nc3 e6 4. e3 Bd6 5. Nf3 Nd7 6. a3 f5 7. cxd5 exd5 8. Bd3
Qf6 9. Qc2 Ne7 10. Ne2 O-O 11. Bd2 b6 12. O-O h6 13. Bb4 c5 14. dxc5 bxc5 15.
Bc3 Qf7 16. Ng3 g6 17. Rfd1 Bb7 18. Qa4 Bc6 19. Qh4 Qh7 20. Nd2 Ne5 21. Bxe5
Bxe5 22. Rab1 g5 23. Qh5 g4 24. Nxf5 Nxf5 25. Qxg4+ Bg7 26. Qf4 h5 27. Nf3 Qh6
28. Bxf5 Qxf4 29. Be6+ Qf7 30. Bxf7+ Rxf7 31. Rbc1 c4 32. Nd4 Bxd4 33. Rxd4 Rb8
34. Rd2 Rfb7 35. Rb1 c3 0-1

[Event "Dublin Easter Masters"]
[Site "Green Isle Hotel, Dublin, Irel"]
[Date "2012.04.05"]
[Round "1"]
[White "Freeman, Gordon"]
[Black "Creighton, Terry"]
[Result "0-1"]
[WhiteElo "2157"]
[BlackElo "1715"]
[PlyCount "118"]

1. Nf3 Nf6 2. g3 g6 3. Bg2 Bg7 4. b3 d6 5. Bb2 c5 6. O-O O-O 7. d3 Nc6 8. Nbd2
Bd7 9. e4 Rc8 10. Nc4 b5 11. Ne3 Ng4 12. Bxg7 Nxe3 13. fxe3 Kxg7 14. Qe2 a6 15.
Rf2 Bg4 16. h3 Bd7 17. Raf1 f6 18. Kh2 Qa5 19. a4 Qc3 20. axb5 axb5 21. h4 Ra8
22. Bh3 Bxh3 23. Kxh3 Ra1 24. h5 Rxf1 25. Qxf1 Ra8 26. Nh4 Ra1 27. Qg2 Qe1 28.
hxg6 hxg6 29. Re2 Qh1+ 30. Qxh1 Rxh1+ 31. Kg2 Rc1 32. Nf3 Nb4 33. Ne1 d5 34.
Kf3 e5 35. exd5 Nxd5 36. c4 bxc4 37. bxc4 Nb4 38. Ke4 f5+ 39. Kf3 Nxd3 40. Nxd3
e4+ 41. Kf2 exd3 42. Rd2 Rc3 43. Kf3 Kf6 44. Rd1 Ke5 45. Rd2 g5 46. Kf2 Ke4 47.
Ke1 Kxe3 48. Kd1 Rxc4 49. Rg2 Rg4 50. Ke1 c4 51. Re2+ Kd4 52. Rf2 f4 53. gxf4
gxf4 54. Rf1 f3 55. Kd1 Rh4 56. Kc1 Ke4 57. Rd1 Rh2 58. Re1+ Re2 59. Rf1 c3 0-1

[Event "Dublin Easter Masters"]
[Site "Green Isle Hotel, Dublin, Irel"]
[Date "2012.04.05"]
[Round "1"]
[White "Rivera, Franco"]
[Black "Courtney, John"]
[Result "1-0"]
[WhiteElo "1417"]
[BlackElo "2132"]
[PlyCount "139"]

1. b3 e5 2. e4 Nf6 3. d3 Bc5 4. Be3 Bxe3 5. fxe3 d6 6. Nc3 c6 7. Be2 d5 8. exd5
cxd5 9. Bf3 Nc6 10. Qd2 O-O 11. Nge2 b5 12. O-O b4 13. Nxd5 Nxd5 14. c4 bxc3
15. Nxc3 Be6 16. Rfc1 Rc8 17. Ne4 Ndb4 18. Nc5 Bd5 19. Bg4 f5 20. Bh3 g5 21. a3
g4 22. Bxg4 fxg4 23. axb4 Qe7 24. b5 Nd8 25. b4 Ne6 26. e4 Nxc5 27. bxc5 Be6
28. Qe3 Rc7 29. b6 Rb7 30. Rxa7 Rxa7 31. bxa7 Qxa7 32. Qg5+ Qg7 33. Qe3 Rc8 34.
Rc3 Kh8 35. Qc1 Rc7 36. Ra3 Qd7 37. Ra8+ Rc8 38. Rxc8+ Qxc8 39. Qc3 Qc7 40. d4
exd4 41. Qxd4+ Kg8 42. e5 Qd7 43. Qe3 Kf8 44. Kf2 Ke8 45. Kg3 Kd8 46. Qc3 Qd5
47. h3 gxh3 48. gxh3 Kd7 49. Kf4 Kc6 50. Qa5 Qd4+ 51. Kf3 Bd5+ 52. Ke2 Qxe5+
53. Kd2 Qb2+ 54. Ke3 Qe5+ 55. Kd2 Qd4+ 56. Ke1 Qe3+ 57. Kf1 Qxh3+ 58. Kf2 Qf3+
59. Ke1 Qe3+ 60. Kf1 Qd3+ 61. Ke1 Bf3 62. Qb6+ Kd5 63. Kf2 Qe2+ 64. Kg3 Be4 65.
Qd6+ Kc4 66. Qa6+ Kxc5 67. Qxe2 Kd5 68. Kf4 Bg6 69. Qe5+ Kc6 70. Ke3 1-0

[Event "Dublin Easter Masters"]
[Site "Green Isle Hotel, Dublin, Irel"]
[Date "2012.04.05"]
[Round "1"]
[White "Madynski, Pawel"]
[Black "McKenzie, Mark"]
[Result "1-0"]
[WhiteElo "2128"]
[BlackElo "1249"]
[PlyCount "107"]

1. Nf3 Nf6 2. c4 g6 3. b3 Bg7 4. Bb2 O-O 5. g3 d6 6. d4 c5 7. d5 Na6 8. Bg2 Bd7
9. O-O Qb6 10. Re1 Nc7 11. e4 e5 12. dxe6 Nxe6 13. Nc3 Rfd8 14. Qd2 Bc6 15. Nd5
Bxd5 16. exd5 Nc7 17. Re7 Re8 18. Rae1 Rxe7 19. Rxe7 Re8 20. Qe3 Kf8 21. Rxe8+
Ncxe8 22. h4 Qc7 23. Qf4 Nh5 24. Bxg7+ Kxg7 25. Qe3 Qd8 26. Bh3 Nhf6 27. g4 Ng8
28. g5 Qe7 29. Qc3+ Kf8 30. Kg2 Ng7 31. Qe3 Qxe3 32. fxe3 Nf5 33. Bxf5 gxf5 34.
Kg3 Ne7 35. Kf4 Kg7 36. h5 h6 37. gxh6+ Kxh6 38. Nh4 Kxh5 39. Nxf5 Nc8 40. Nxd6
Nxd6 41. Ke5 Ne8 42. d6 Nxd6 43. Kxd6 b6 44. a3 f5 45. b4 cxb4 46. axb4 Kg4 47.
c5 bxc5 48. bxc5 a5 49. c6 Kf3 50. Ke5 Kxe3 51. Kxf5 a4 52. c7 a3 53. c8=Q a2
54. Qe6+ 1-0

[Event "Dublin Easter Masters"]
[Site "Green Isle Hotel, Dublin, Irel"]
[Date "2012.04.06"]
[Round "2"]
[White "Creighton, Terry"]
[Black "Kvisvik, Brede"]
[Result "0-1"]
[WhiteElo "1715"]
[BlackElo "2304"]
[PlyCount "58"]

1. e4 c5 2. Nf3 e6 3. g3 d5 4. e5 Nc6 5. Bg2 Qc7 6. Qe2 g5 7. Nc3 g4 8. Nb5 Qb8
9. Ng5 h6 10. Nxf7 Kxf7 11. O-O Qxe5 12. Qxg4 Nf6 13. Qf3 a6 14. d4 cxd4 15.
Bf4 Qh5 16. Nc7 Qxf3 17. Bxf3 Ra7 18. a4 b6 19. Nb5 axb5 20. axb5 Rxa1 21. Rxa1
e5 22. Bd2 Nb4 23. c3 dxc3 24. bxc3 Nd3 25. Be3 Bc5 26. Bxc5 Nxc5 27. Be2 Bb7
28. h3 Ra8 29. Rc1 Ra2 0-1

[Event "Dublin Easter Masters"]
[Site "Green Isle Hotel, Dublin, Irel"]
[Date "2012.04.06"]
[Round "2"]
[White "Nemeth, Miklos"]
[Black "Rivera, Franco"]
[Result "1-0"]
[WhiteElo "2452"]
[BlackElo "1417"]
[PlyCount "83"]

1. e4 c6 2. d4 d5 3. f3 f6 4. Nc3 e5 5. exd5 Bb4 6. dxe5 Bxc3+ 7. bxc3 Qxd5 8.
Qxd5 cxd5 9. Bf4 Be6 10. Rb1 b6 11. Bb5+ Nd7 12. Ne2 Ke7 13. exf6+ Ngxf6 14.
Nd4 Kf7 15. Kd2 Nc5 16. Rhe1 Bd7 17. Bxd7 Ncxd7 18. Nf5 Kg6 19. g4 Rae8 20.
Ne7+ Kf7 21. Bd6 Ng8 22. Nxd5 Re6 23. Bg3 Ngf6 24. Rxe6 Kxe6 25. Nc7+ Kf7 26.
Re1 Rd8 27. Kc1 Nc5 28. Nb5 Rd7 29. Nd6+ Kf8 30. g5 Kg8 31. gxf6 gxf6 32. Bf4
h5 33. Rg1+ Kh7 34. Ne4 Nxe4 35. fxe4 Re7 36. Re1 f5 37. e5 Re6 38. Rg1 Rc6 39.
Rg5 Rc4 40. Rxf5 Kg6 41. Rf6+ Kh7 42. Kd2 1-0

[Event "Dublin Easter Masters"]
[Site "Green Isle Hotel, Dublin, Irel"]
[Date "2012.04.06"]
[Round "2"]
[White "Annesley, Gareth"]
[Black "Mihajlov, Sebastian"]
[Result "0-1"]
[WhiteElo "1911"]
[BlackElo "2053"]
[PlyCount "72"]

1. d4 d5 2. c4 c6 3. Nc3 Nf6 4. Nf3 e6 5. Bg5 h6 6. Bxf6 Qxf6 7. e4 dxe4 8.
Nxe4 Bb4+ 9. Nc3 Nd7 10. Qb3 c5 11. Rd1 O-O 12. Be2 a5 13. a3 cxd4 14. Nxd4 Bc5
15. Nf3 b6 16. O-O Rb8 17. Rd2 Ne5 18. Ne4 Qf4 19. Nxe5 Qxe5 20. Qg3 Bd4 21.
Nf6+ Kh8 22. Rxd4 Qxd4 23. Qxb8 gxf6 24. b4 Rg8 25. Bf3 Ba6 26. Qc7 Bxc4 27.
Rd1 Qh4 28. Qxf7 Qg5 29. bxa5 bxa5 30. g3 Rg7 31. Rd8+ Kh7 32. Qe8 Qc1+ 33. Rd1
Qxa3 34. Bh5 Bd5 35. Qd8 Qb2 36. Qxa5 Qe5 0-1

[Event "Dublin Easter Masters"]
[Site "Green Isle Hotel, Dublin, Irel"]
[Date "2012.04.06"]
[Round "2"]
[White "Masters, David J"]
[Black "Morriss, Pete"]
[Result "1-0"]
[WhiteElo "2038"]
[BlackElo "2006"]
[PlyCount "81"]

1. c4 Nf6 2. Nc3 c5 3. g3 g6 4. Bg2 Bg7 5. e3 O-O 6. Nge2 Na6 7. d4 d6 8. O-O
Rb8 9. h3 Nc7 10. e4 cxd4 11. Nxd4 Ne6 12. Be3 a6 13. Qd2 Nxd4 14. Bxd4 b5 15.
cxb5 axb5 16. Kh2 e6 17. Rfd1 b4 18. Ne2 Bb7 19. Qe3 Qa5 20. Bb6 Qa8 21. Bc7
Bxe4 22. Bxe4 Nxe4 23. Bxb8 Rxb8 24. f3 Nc5 25. Rxd6 Na4 26. Rd7 Nxb2 27. Rc1
Qxa2 28. Rdc7 Qa6 29. Nf4 b3 30. R1c6 Nc4 31. Qc5 Qa2+ 32. Ng2 h5 33. Rc8+ Rxc8
34. Rxc8+ Kh7 35. Qxc4 Qa3 36. Rb8 b2 37. Qb3 Qd6 38. Rb7 Kg8 39. f4 Qd2 40. h4
Bd4 41. Qb5 1-0

[Event "Dublin Easter Masters"]
[Site "Green Isle Hotel, Dublin, Irel"]
[Date "2012.04.06"]
[Round "2"]
[White "Armstrong, Malcolm J"]
[Black "Buckley, Colm"]
[Result "1/2-1/2"]
[WhiteElo "2026"]
[BlackElo "1731"]
[PlyCount "78"]

1. d4 d5 2. Nf3 Nf6 3. c4 e6 4. g3 c5 5. cxd5 exd5 6. Bg2 Nc6 7. O-O Be6 8. Nc3
Be7 9. Bg5 c4 10. Qd2 O-O 11. Ne5 Re8 12. Rad1 h6 13. Bxf6 Bxf6 14. f4 Ne7 15.
Kh1 Rb8 16. e4 Bxe5 17. dxe5 dxe4 18. Nxe4 Qxd2 19. Rxd2 b5 20. Nd6 Red8 21.
Be4 Nf5 22. Rfd1 Nxd6 23. exd6 Bg4 24. Re1 Rb6 25. d7 Kf8 26. f5 f6 27. Kg2 Bh5
28. h3 Bf7 29. a3 a5 30. Kf3 b4 31. axb4 axb4 32. Re3 Ra6 33. Kf4 Ra7 34. Bc6
Rc7 35. Bb5 Rc5 36. Ba4 Ra5 37. Bc6 Rc5 38. Ba4 Ra5 39. Bc6 Rc5 1/2-1/2

[Event "Dublin Easter Masters"]
[Site "Green Isle Hotel, Dublin, Irel"]
[Date "2012.04.06"]
[Round "2"]
[White "McKenzie, Mark"]
[Black "Salomon, Johan"]
[Result "0-1"]
[WhiteElo "1249"]
[BlackElo "1996"]
[PlyCount "60"]

1. d4 Nf6 2. c4 g6 3. Nc3 d5 4. c5 Bg7 5. Nf3 O-O 6. e3 c6 7. Be2 Nbd7 8. O-O
Qc7 9. h3 e5 10. Nh2 Re8 11. f4 exd4 12. exd4 Ne4 13. Nxe4 dxe4 14. Be3 Nf6 15.
g4 Nd5 16. Qb3 g5 17. fxg5 Qg3+ 18. Kh1 Qxe3 19. Bc4 Qxb3 20. Bxb3 Bxd4 21.
Rab1 Bxc5 22. a3 Bb6 23. Ba2 Be6 24. Rfe1 Nf4 25. Bxe6 Rxe6 26. h4 e3 27. Nf3
e2 28. b4 Nd3 29. Kg2 Nxe1+ 30. Rxe1 Rd8 0-1

[Event "Dublin Easter Masters"]
[Site "Green Isle Hotel, Dublin, Irel"]
[Date "2012.04.06"]
[Round "3"]
[White "Capitelli, Paolo"]
[Black "Masters, David J"]
[Result "1-0"]
[WhiteElo "2122"]
[BlackElo "2038"]
[PlyCount "55"]

1. e4 c5 2. Nf3 e6 3. d4 cxd4 4. Nxd4 a6 5. c4 Nf6 6. Nc3 Qc7 7. Bd3 Nc6 8.
Nxc6 dxc6 9. f4 e5 10. f5 Bc5 11. Qe2 Bd7 12. Be3 Qb6 13. Bxc5 Qxc5 14. Qf2
Qxf2+ 15. Kxf2 O-O-O 16. Be2 h5 17. c5 g6 18. fxg6 fxg6 19. h3 h4 20. Ke3 Be6
21. Rhf1 Rhf8 22. Rad1 Rxd1 23. Rxd1 Rd8 24. Rf1 Nd7 25. b4 Rg8 26. Rd1 Kd8 27.
Rd6 Ke7 28. Rxe6+ 1-0

[Event "Dublin Easter Masters"]
[Site "Green Isle Hotel, Dublin, Irel"]
[Date "2012.04.06"]
[Round "3"]
[White "Rivera, Franco"]
[Black "Fox, Anthony"]
[Result "0-1"]
[WhiteElo "1417"]
[BlackElo "2115"]
[PlyCount "76"]

1. a4 e5 2. d4 exd4 3. Qxd4 Nc6 4. Qd1 d5 5. Nf3 Nf6 6. e3 Be7 7. c3 a5 8. Be2
O-O 9. Qc2 Bg4 10. Nbd2 h6 11. b3 Re8 12. Bb2 Bc5 13. O-O Qe7 14. Rfe1 Rad8 15.
Bf1 Ne4 16. Nd4 Bd6 17. g3 Nxd2 18. Qxd2 Ne5 19. Bg2 c5 20. f4 Nd7 21. Nb5 Nf6
22. Qf2 Ne4 23. Bxe4 dxe4 24. c4 Bb8 25. Bc3 b6 26. Rac1 Rd3 27. Qb2 f6 28. Qc2
Red8 29. Na3 Qd7 30. Nb1 Bf3 31. Nd2 Rxd2 32. Bxd2 Qxd2 33. Qxd2 Rxd2 34. Rb1
Kf7 35. Ra1 Bd6 36. Rab1 Ke6 37. Ra1 Rg2+ 38. Kh1 Rxg3# 0-1

[Event "Dublin Easter Masters"]
[Site "Green Isle Hotel, Dublin, Irel"]
[Date "2012.04.06"]
[Round "3"]
[White "Omtvedt, Per"]
[Black "Creighton, Terry"]
[Result "1-0"]
[WhiteElo "2100"]
[BlackElo "1715"]
[PlyCount "69"]

1. e4 g6 2. d4 Bg7 3. Nc3 d6 4. Be3 Nf6 5. Qd2 Ng4 6. Bg5 c6 7. h3 h6 8. Bh4
Nf6 9. Nf3 Qb6 10. O-O-O Nbd7 11. e5 Nd5 12. exd6 e6 13. Na4 Qb4 14. Qxb4 Nxb4
15. a3 Nd5 16. Bg3 b5 17. Nc5 Nxc5 18. dxc5 a5 19. Ne5 Bd7 20. c4 bxc4 21. Bxc4
Nf6 22. Rhe1 O-O 23. Rd3 Ra7 24. Rb3 Rc8 25. Kb1 a4 26. Rb6 Ra5 27. Nd3 Nd5 28.
Rb7 Rd8 29. Rc1 h5 30. Bxd5 exd5 31. Ne5 Bxe5 32. Bxe5 Be6 33. Bf6 Bc8 34. Bxd8
Bxb7 35. Bxa5 1-0

[Event "Dublin Easter Masters"]
[Site "Green Isle Hotel, Dublin, Irel"]
[Date "2012.04.06"]
[Round "3"]
[White "Cafolla, Peter"]
[Black "Annesley, Gareth"]
[Result "0-1"]
[WhiteElo "2034"]
[BlackElo "1911"]
[PlyCount "114"]

1. d4 d5 2. c4 e6 3. Nc3 Nf6 4. cxd5 exd5 5. Bg5 Be7 6. Qc2 O-O 7. e3 c6 8. Bd3
h6 9. Bh4 Re8 10. Nge2 Ne4 11. Bxe7 Qxe7 12. Bxe4 dxe4 13. Ng3 f5 14. O-O Be6
15. f3 exf3 16. Rxf3 Rf8 17. Re1 Qg5 18. Nge2 Nd7 19. Rg3 Qe7 20. Nf4 Rf7 21.
e4 Qd6 22. Nxe6 Qxe6 23. e5 Nb6 24. Rf3 Rd8 25. Qf2 Nd5 26. Rf1 Rdf8 27. Re1
Ne7 28. Qc2 g5 29. Qa4 g4 30. Rff1 f4 31. Qb3 Nd5 32. Nxd5 cxd5 33. Rc1 f3 34.
Rc5 f2+ 35. Kh1 Qg6 36. Rxd5 Qb1 37. Qb5 Qe1 38. e6 Rc7 39. Rc5 Rxc5 40. dxc5
Qxe6 41. Qb3 Qxb3 42. axb3 Re8 43. g3 Re2 44. Kg2 Rxb2 45. Rxf2 Rxb3 46. Rf4
Rb2+ 47. Kg1 h5 48. Ra4 a6 49. c6 bxc6 50. Rxa6 Rc2 51. Ra7 c5 52. Rc7 c4 53.
Rc5 c3 54. Rxh5 Rd2 55. Rg5+ Kf7 56. Rxg4 c2 57. Rc4 Rd1+ 0-1

[Event "Dublin Easter Masters"]
[Site "Green Isle Hotel, Dublin, Irel"]
[Date "2012.04.06"]
[Round "3"]
[White "Buckley, Colm"]
[Black "Goossens, Hanne"]
[Result "0-1"]
[WhiteElo "1731"]
[BlackElo "2032"]
[PlyCount "56"]

1. d4 Nf6 2. c4 g6 3. Nc3 d5 4. cxd5 Nxd5 5. e4 Nxc3 6. bxc3 Bg7 7. Bc4 c5 8.
Ne2 Nc6 9. Be3 O-O 10. O-O Qc7 11. Qc1 b6 12. Rd1 Bb7 13. f3 Rac8 14. dxc5 bxc5
15. Qa3 Ne5 16. Bd5 Bxd5 17. Rxd5 Nc4 18. Qxc5 Qb7 19. Qxa7 Qb2 20. Re1 Ra8 21.
Qc5 Rfc8 22. Rd8+ Rxd8 23. Qxc4 Rxa2 24. Qc7 Rda8 25. Kf1 Qb5 26. Qc5 Qd3 27.
Bd4 Rxe2 28. Rxe2 Ra2 0-1

[Event "Dublin Easter Masters"]
[Site "Green Isle Hotel, Dublin, Irel"]
[Date "2012.04.07"]
[Round "4"]
[White "Courtney, John"]
[Black "Annesley, Gareth"]
[Result "1-0"]
[WhiteElo "2132"]
[BlackElo "1911"]
[PlyCount "97"]

1. d4 d5 2. c4 e6 3. Nc3 Be7 4. cxd5 exd5 5. Bf4 Nf6 6. e3 O-O 7. Bd3 c6 8. Qc2
Nbd7 9. Nge2 Re8 10. O-O Nf8 11. f3 Bd6 12. Rfe1 Ng6 13. Bxd6 Qxd6 14. Ng3 a6
15. Na4 Be6 16. Qc3 Rad8 17. Nc5 Qc7 18. a4 a5 19. Kh1 Re7 20. Nxe6 Rxe6 21. e4
dxe4 22. fxe4 Qb6 23. Bc4 Re7 24. e5 Nd5 25. Bxd5 Rxd5 26. Nf5 Red7 27. Re4 c5
28. dxc5 Rd1+ 29. Re1 Qd8 30. Nd6 Rxe1+ 31. Rxe1 Qh4 32. Qxa5 Nf4 33. Qd2 Ne6
34. b4 h6 35. h3 Qg3 36. Qe3 Qg6 37. Qe4 Qh5 38. Qg4 Qxg4 39. hxg4 g6 40. Kh2
Kg7 41. Kg3 g5 42. Re4 Nf4 43. Rxf4 gxf4+ 44. Kxf4 Kf8 45. Ke4 Ke7 46. Kd5 Rd8
47. a5 Rd7 48. b5 Rd8 49. b6 1-0

[Event "Dublin Easter Masters"]
[Site "Green Isle Hotel, Dublin, Irel"]
[Date "2012.04.07"]
[Round "4"]
[White "Harstad, Christian"]
[Black "Rivera, Franco"]
[Result "0-1"]
[WhiteElo "2029"]
[BlackElo "1417"]
[PlyCount "86"]

1. d4 f5 2. c4 Nf6 3. Nf3 d5 4. cxd5 Qxd5 5. Nc3 Qd8 6. g3 e6 7. Bg2 Be7 8. O-O
O-O 9. Qb3 Nd5 10. Ne5 c6 11. Rd1 Nd7 12. Nd3 N7f6 13. f3 Kh8 14. e4 Nxc3 15.
bxc3 fxe4 16. fxe4 b6 17. e5 Nd5 18. c4 Nc7 19. Nf4 Qe8 20. h4 g5 21. hxg5 Bxg5
22. Rf1 Ba6 23. Rf2 b5 24. Ba3 bxc4 25. Qc2 Rf7 26. Bxc6 Qxc6 27. Ng6+ Kg7 28.
Rxf7+ Kxf7 29. Rf1+ Kg7 30. Nf8 Rxf8 31. Bxf8+ Kg8 32. Bc5 Be3+ 33. Kh2 Bb7 34.
Qe2 Qe4 35. Kh3 Bd5 36. Rf8+ Kg7 37. Rf1 Nb5 38. Be7 Nxd4 39. Bf6+ Kg8 40. Qb2
Bb7 41. Bh4 h5 42. Rf6 Qh1+ 43. Qh2 Bg2# 0-1

[Event "Dublin Easter Masters"]
[Site "Green Isle Hotel, Dublin, Irel"]
[Date "2012.04.07"]
[Round "4"]
[White "Creighton, Terry"]
[Black "Morriss, Pete"]
[Result "0-1"]
[WhiteElo "1715"]
[BlackElo "2006"]
[PlyCount "106"]

1. Nf3 Nf6 2. b3 c5 3. Bb2 d6 4. g3 b5 5. Bg2 Bb7 6. O-O Nbd7 7. Nc3 a6 8. d4
e6 9. Re1 Be7 10. a3 O-O 11. e4 Rc8 12. d5 e5 13. Nh4 g6 14. Bc1 Ne8 15. Nf3 f5
16. exf5 Rxf5 17. Bh3 Rf8 18. Ne4 Ng7 19. Bh6 Nf6 20. c4 Nxe4 21. Rxe4 Rc7 22.
Qe2 Bc8 23. Bxc8 Rxc8 24. Kg2 Rb8 25. b4 Qb6 26. bxc5 Qxc5 27. Be3 Qc7 28. c5
dxc5 29. Nxe5 Bd6 30. Nc6 Rbe8 31. Bh6 Rxe4 32. Qxe4 Re8 33. Qf3 Nf5 34. Be3
Rf8 35. Qe4 Qf7 36. Ne5 Bxe5 37. Qxe5 Re8 38. Qf4 Qxd5+ 39. Kg1 Nxe3 40. fxe3
Qe5 41. Qxe5 Rxe5 42. Kf2 c4 43. Kf3 Kf7 44. e4 Ke6 45. Rd1 Rc5 46. Ke3 a5 47.
Rb1 Ke5 48. Rf1 b4 49. a4 c3 50. Kd3 b3 51. Rb1 c2 52. Rc1 b2 53. Rxc2 b1=Q 0-1

[Event "Dublin Easter Masters"]
[Site "Green Isle Hotel, Dublin, Irel"]
[Date "2012.04.07"]
[Round "4"]
[White "Masters, David J"]
[Black "Cafolla, Peter"]
[Result "1/2-1/2"]
[WhiteElo "2038"]
[BlackElo "2034"]
[PlyCount "81"]

1. c4 e6 2. Nc3 d5 3. d4 c5 4. cxd5 exd5 5. Nf3 Nc6 6. g3 Nf6 7. Bg2 Be7 8. O-O
O-O 9. Bg5 cxd4 10. Nxd4 h6 11. Bf4 Bg4 12. h3 Be6 13. Rc1 Qd7 14. Kh2 Rac8 15.
a3 Na5 16. Qa4 Qxa4 17. Nxa4 Nc4 18. Rc2 b5 19. Nc3 a6 20. Bc1 Bc5 21. Nxe6
fxe6 22. e3 g5 23. Bf3 Kg7 24. Be2 Bd6 25. Bxc4 Rxc4 26. Rd2 Kg6 27. Kg2 Be5
28. Na2 Ne4 29. Re2 h5 30. b3 Rc7 31. Bb2 Bd6 32. Rc1 Rfc8 33. Rxc7 Rxc7 34.
Nc1 Kf5 35. Nd3 a5 36. g4+ hxg4 37. hxg4+ Kg6 38. b4 axb4 39. axb4 Nf6 40. Be5
Ne8 41. Bxd6 1/2-1/2

[Event "Dublin Easter Masters"]
[Site "Green Isle Hotel, Dublin, Irel"]
[Date "2012.04.07"]
[Round "4"]
[White "Buckley, Colm"]
[Black "O`Donnell, Conor"]
[Result "1/2-1/2"]
[WhiteElo "1731"]
[BlackElo "1804"]
[PlyCount "56"]

1. d4 Nf6 2. Nf3 e6 3. Bf4 c5 4. c3 Qb6 5. Qb3 d5 6. e3 Be7 7. Nbd2 Bd7 8. Be2
Bc6 9. h3 Nbd7 10. O-O Ne4 11. Nxe4 dxe4 12. Ne5 Nxe5 13. Bxe5 O-O 14. Qxb6
axb6 15. Bc7 b5 16. dxc5 Bxc5 17. Rfd1 Rfc8 18. Bd6 b6 19. a3 Bd5 20. Bxc5 Rxc5
21. Rd2 Kf8 22. Rad1 Ra7 23. Rd4 Ke7 24. Kf1 Rd7 25. Ke1 f5 26. Rb4 Bc6 27.
Rxd7+ Kxd7 28. Rd4+ Rd5 1/2-1/2

[Event "Dublin Easter Masters"]
[Site "Green Isle Hotel, Dublin, Irel"]
[Date "2012.04.07"]
[Round "5"]
[White "Rivera, Franco"]
[Black "Bomans, Arno"]
[Result "0-1"]
[WhiteElo "1417"]
[BlackElo "2228"]
[PlyCount "56"]

1. f3 d5 2. g3 c5 3. Nh3 Nc6 4. Nf2 Nf6 5. b3 e5 6. e3 Bd6 7. Bb2 Be6 8. Bg2
Rc8 9. O-O d4 10. e4 c4 11. Ba3 b5 12. Bxd6 Qxd6 13. Bh3 Bxh3 14. Nxh3 d3 15.
c3 Nd4 16. b4 Nc2 17. Qc1 Nxa1 18. Na3 Nc2 19. Nxb5 Qb6+ 20. Kg2 Qxb5 21. Nf2
O-O 22. g4 a5 23. a3 axb4 24. axb4 Ra8 25. Qb2 Ra6 26. Rb1 Rfa8 27. Nd1 Ra2 28.
Qc1 Ne1+ 0-1

[Event "Dublin Easter Masters"]
[Site "Green Isle Hotel, Dublin, Irel"]
[Date "2012.04.07"]
[Round "5"]
[White "Annesley, Gareth"]
[Black "Mihajlov, Svetoslav"]
[Result "0-1"]
[WhiteElo "1911"]
[BlackElo "2093"]
[PlyCount "82"]

1. d4 Nf6 2. c4 e6 3. g3 c5 4. d5 exd5 5. cxd5 d6 6. Bg2 g6 7. Qa4+ Nbd7 8. Nc3
a6 9. Nf3 Rb8 10. Qh4 h6 11. g4 Be7 12. Qg3 b5 13. a3 Nb6 14. g5 hxg5 15. Nxg5
Ng4 16. Nce4 f5 17. Ne6 Bxe6 18. dxe6 Bh4 19. Qc3 O-O 20. Ng3 Qe7 21. Bf4 g5
22. Bd2 Qxe6 23. O-O Nf6 24. Rad1 f4 25. Nh1 Ne4 26. Qf3 d5 27. Bh3 Qf7 28. Ba5
Nc4 29. Bc3 Nxc3 30. bxc3 Rbd8 31. Bg4 Ne5 32. Qh3 Nxg4 33. Qxg4 Qf5 34. Qh5
Rf7 35. h3 Qxh3 36. Qg6+ Rg7 37. Qxa6 Qg4+ 38. Kh2 Bxf2 39. Qh6 Bg3+ 40. Kg1
Rd6 41. Qxd6 Be1+ 0-1

[Event "Dublin Easter Masters"]
[Site "Green Isle Hotel, Dublin, Irel"]
[Date "2012.04.07"]
[Round "5"]
[White "Rawell, Jon Egil"]
[Black "Masters, David J"]
[Result "1-0"]
[WhiteElo "2035"]
[BlackElo "2038"]
[PlyCount "83"]

1. e4 c5 2. Nf3 e6 3. d4 cxd4 4. Nxd4 a6 5. Nc3 Qc7 6. Bd3 Nf6 7. O-O Be7 8.
Re1 d6 9. a4 O-O 10. h3 Nc6 11. Be3 Bd7 12. Qe2 Ne5 13. f4 Nxd3 14. cxd3 e5 15.
Nf3 Bc6 16. Rec1 Qb8 17. a5 exf4 18. Bxf4 b6 19. Nd4 bxa5 20. Nxc6 Qb6+ 21. Be3
Qxc6 22. Nd5 Qe8 23. Nc7 Qd7 24. Nxa8 Rxa8 25. Rxa5 Bd8 26. Ra2 Qb5 27. Qc2 Rb8
28. Qc4 Bb6 29. Bxb6 Qxb6+ 30. Kh1 a5 31. Qc7 Qb4 32. Qxa5 Qd4 33. Qa7 Qb4 34.
Qa5 Qd4 35. Qc3 Qb6 36. Ra4 h6 37. b4 Qb5 38. Rca1 Nh5 39. Ra5 Ng3+ 40. Kh2 Qb6
41. Kxg3 Qe3+ 42. Kh2 1-0

[Event "Dublin Easter Masters"]
[Site "Green Isle Hotel, Dublin, Irel"]
[Date "2012.04.07"]
[Round "5"]
[White "Cafolla, Peter"]
[Black "Puroila, Sippo"]
[Result "1-0"]
[WhiteElo "2034"]
[BlackElo "1886"]
[PlyCount "67"]

1. d4 Nf6 2. c4 g6 3. Nc3 d5 4. Bg5 c6 5. Bxf6 exf6 6. cxd5 cxd5 7. Qb3 Nc6 8.
e3 Bb4 9. Bd3 O-O 10. Nge2 Rb8 11. O-O Be6 12. Nf4 g5 13. Nh5 Be7 14. Qc2 h6
15. a3 Qd7 16. b4 Rfc8 17. Ng3 Bf8 18. f4 Qd8 19. Rac1 Bg7 20. Qe2 Ne7 21. Bb1
Rc7 22. Qd3 f5 23. Nh5 g4 24. h3 gxh3 25. g4 Rbc8 26. Kh2 Qd7 27. Rg1 Rxc3 28.
Rxc3 Rxc3 29. Qxc3 fxg4 30. Nxg7 Kxg7 31. e4 f5 32. exf5 Bxf5 33. Qxh3 Bxb1 34.
Rxg4+ 1-0

[Event "Dublin Easter Masters"]
[Site "Green Isle Hotel, Dublin, Irel"]
[Date "2012.04.07"]
[Round "5"]
[White "Salter, David"]
[Black "Buckley, Colm"]
[Result "1-0"]
[WhiteElo "1897"]
[BlackElo "1731"]
[PlyCount "63"]

1. d4 d5 2. Nf3 Nf6 3. e3 e6 4. Bd3 c5 5. b3 Nc6 6. O-O Be7 7. Nbd2 O-O 8. Bb2
b6 9. Ne5 Nxe5 10. dxe5 Ne8 11. f4 g6 12. Rf3 f5 13. Rh3 Qd7 14. g4 Rf7 15. g5
Bb7 16. Rg3 Rd8 17. h4 d4 18. exd4 Qc6 19. Kf2 cxd4 20. Nf3 Bc5 21. h5 Rdd7 22.
Qh1 Ng7 23. hxg6 hxg6 24. Qh6 Bb4 25. Rh1 Kf8 26. Qxg6 Ba6 27. Rc1 Bxd3 28.
cxd3 Bc3 29. Ba3+ Ke8 30. Bd6 Qb5 31. Ke2 Kd8 32. Rh3 1-0